| Tag |
First Indicator |
Second Indicator |
Subfields |
| LEADER |
00000cam a22000001a 4500 |
| 001 |
in00003689021 |
| 005 |
20190408173656.0 |
| 006 |
m o d f |
| 007 |
cr bn mmmapmmp |
| 008 |
141124s1930 dcu o f000 0 eng d |
| 035 |
|
|
|a ebd191002431
|
| 040 |
|
|
|a UMI
|c UMI
|d UtOrBLW
|
| 086 |
0 |
|
|a T 22.25:930/2
|
| 099 |
|
|
|a T22.25-12.2
|
| 110 |
1 |
|
|a United States.
|b Department of the Treasury.
|0 http://id.loc.gov/authorities/names/n78096864
|
| 245 |
1 |
0 |
|a Internal revenue bulletin, cumulative bulletin IX-2.
|
| 264 |
|
1 |
|a [Washington] :
|b GPO,
|c 1930.
|
| 300 |
|
|
|a 1 online resource (viii+474 pages)
|
| 336 |
|
|
|a text
|b txt
|2 rdacontent
|
| 337 |
|
|
|a computer
|b c
|2 rdamedia
|
| 338 |
|
|
|a online resource
|b cr
|2 rdacarrier
|
| 533 |
|
|
|a Electronic reproduction.
|b [Bethesda, Md.] :
|c ProQuest,
|d 2014.
|e digital, PDF file.
|n ProQuest U.S. Executive Branch Documents
|n Mode of access: World Wide Web via ProQuest website.
|
| 588 |
|
|
|a Record is based on online resource; title from PDF title page (ProQuest, last viewed Nov. 2014). Reuse except for individual research requires license from ProQuest, LLC.
|
| 500 |
|
|
|a Electronic resource.
|
| 650 |
|
0 |
|a Accounting.
|0 http://id.loc.gov/authorities/subjects/sh85000411
|
| 650 |
|
0 |
|a Auditing.
|0 http://id.loc.gov/authorities/subjects/sh85009477
|
| 650 |
|
0 |
|a Commercial law.
|0 http://id.loc.gov/authorities/subjects/sh85028940
|
| 650 |
|
0 |
|a Corporations.
|0 http://id.loc.gov/authorities/subjects/sh85032928
|
| 650 |
|
0 |
|a Government securities.
|0 http://id.loc.gov/authorities/subjects/sh85056106
|
| 650 |
|
0 |
|a Income tax.
|0 http://id.loc.gov/authorities/subjects/sh85064772
|
| 650 |
|
0 |
|a Real property tax.
|0 http://id.loc.gov/authorities/subjects/sh85111757
|
| 650 |
|
0 |
|a Securities.
|0 http://id.loc.gov/authorities/subjects/sh85119463
|
| 650 |
|
0 |
|a Taxation
|x Law and legislation.
|0 http://id.loc.gov/authorities/subjects/sh85132851
|
| 655 |
|
7 |
|a Electronic books.
|2 local
|
| 856 |
4 |
0 |
|u http://proxy.library.tamu.edu/login?url=http://congressional.proquest.com/congressional/docview/t66.d71.t22.25-12.2
|z Connect to the full text of this electronic document
|t 0
|
| 999 |
f |
f |
|s a1651019-3629-395f-9f42-05728268292f
|i 3a321ca5-8d74-385e-a8a4-675c478b0942
|t 0
|
| 952 |
f |
f |
|a Texas A&M University
|b College Station
|c Electronic Resources
|d Available Online
|t 0
|h No information provided
|
| 998 |
f |
f |
|t 0
|l Available Online
|